Prognóza štrukturálnych zmien vo výstavbe a stavebníctve po roku 1998

Výrobný program stavebníctva v SR. Pri určovaní potreby pracovných síl sa vychádzalo z výrobného programu, jeho štruktúry a vývoja produktivity práce. Nedostatok kvalifikovaných odborníkov vo vybraných stavbárskych profesiách. Podpora systému celoživotného vzdelávania. Vývoj potreby stavebných mater...

Description complète

Enregistré dans:
Détails bibliographiques
Auteur principal: Pavčo, Milan
Autres auteurs: Korčák, Peter
Format: Livre
Langue:slovaque
Sujets:
Tags: Ajouter un tag
Pas de tags, Soyez le premier à ajouter un tag!

MARC

LEADER 00000nam a2200000 4500
001 r031503
005 20230925095846.1
041 0 |a slo 
044 |a SK 
245 1 0 |a Prognóza štrukturálnych zmien vo výstavbe a stavebníctve po roku 1998  |c Milan Pavčo, Peter Korčák 
520 |a Výrobný program stavebníctva v SR. Pri určovaní potreby pracovných síl sa vychádzalo z výrobného programu, jeho štruktúry a vývoja produktivity práce. Nedostatok kvalifikovaných odborníkov vo vybraných stavbárskych profesiách. Podpora systému celoživotného vzdelávania. Vývoj potreby stavebných materiálov. 
610 2 0 |a stavebníctvo 
610 2 0 |a zmeny štruktúrne 
610 2 0 |a výroba stavebná 
610 2 0 |a prognózy 
610 2 0 |a produktivita práce 
610 2 0 |a Slovensko 
610 2 0 |a 1998-2010 
610 2 0 |a štruktúra síl pracovných 
610 2 0 |a pracovníci odborní 
100 1 |a Pavčo, Milan 
700 1 |a Korčák, Peter